000 00558cam a22001577a 4500
008 180718b2006 xxu||||| |||| 00| 0 eng d
082 _aAPPPA/2005-06/RAK/35
100 _aRakesh Kumar
245 _aEffectiveness of CVOs in the existing vigilance machinery in government
_cby Rakesh Kumar
260 _aNew Delhi
_bIndian Institute of Public Administration
_c2006
300 _a166p.
500 _aAn APPPA M.Phil dissertation, 2005-06 (Guide: Dr. Sujata Singh)
650 _aGovernment
650 _aVigilance machinery
650 _aEffectiveness of CVOs
999 _c493381
_d493381